00854nam a22002297a 450000500170000001000150001702000270003203500140005903700150007308200170008824501180010526000450022327000670026830000230033550000220035870000200038070000210040070000230042194200310044499900190047595201300049420180711145145.0 aENG-123444 c2495.00a9780199480135 aEN-106976 bDBAD/PUB.  a355.02170954 aThe Oxford Handbook of india's national security /ced. by Sumit Ganguly; Nicolas blarel [and] Manjeet S. Pardesi aNew DelhibOxford University Pressc2018 a2/11, Ground Floor, Ansari Road, Daryaganj,bNew Delhie110002 axx,532p.c24cm(Hb) aIt includes index aGanguly, Sumit  a blarel, Nicolas aManjeet S. Pardesi 2ddccENh355.02170954mOXF c153840d153840 001040718NFICaDBADbLd2018-07-11eDBAD/PUBg2495.00l0o355.02170954 OXFpEN-106976r2018-07-11 00:00:00t1v2495.00yEN